| 000 | 00435nam a2200157Ia 4500 | ||
|---|---|---|---|
| 005 | 20260417150917.0 | ||
| 008 | 260417s9999||||xx |||||||||||||| ||und|| | ||
| 020 | _a9781009313094 | ||
| 041 | _aeng | ||
| 100 | _aChaitin/Avlagon | ||
| 245 | 0 | _aStriving for peace through personal narratives of genocide and war | |
| 260 |
_bCambridge, Cambridge, _c2025 |
||
| 650 | _aPsychology | ||
| 856 | _u10.1017/9781009313094 | ||
| 942 | _cE-BOOK | ||
| 999 |
_c50656 _d50656 |
||